Biblioteca "Ernesto Sabato"
Facultad de Derecho y Ciencias Sociales
Facultad de Lenguas
Universidad Nacional del Comahue

Tratado de psiquiatría (Record no. 36674)

MARC details
000 -CABECERA
campo de control de longitud fija 00568nam a22002297a 4500
003 - IDENTIFICADOR DEL NÚMERO DE CONTROL
campo de control OSt
005 - FECHA Y HORA DE LA ÚLTIMA TRANSACCIÓN
campo de control 20260318104205.0
008 - DATOS DE LONGITUD FIJA--INFORMACIÓN GENERAL
campo de control de longitud fija 260318b |||||||| |||| 00| 0 spa d
020 ## - ISBN
Número Internacional Estándar del Libro 84-311-0465-2
040 ## - FUENTE DE LA CATALOGACIÓN
Centro/agencia transcriptor Biblioteca Ernesto Sábato
092 ## - SIGNATURA TOPOGRÁFICA
Número de clasificación 616.89
Libristica H493
Sector BDGR
100 ## - Autor Personal
Código de función/relación Ey, Henri
245 ## - MENCIÓN DE TÍTULO
Título Tratado de psiquiatría
250 ## - MENCIÓN DE EDICIÓN
Mención de edición 5a. ed.
260 ## - PUBLICACIÓN, DISTRIBUCIÓN, ETC. (PIE DE IMPRENTA)
Lugar de publicación, distribución, etc. Barcelona
Nombre del editor, distribuidor, etc. Toray Masson S.A.
Fecha de publicación, distribución, etc. 1978
300 ## - DESCRIPCIÓN FÍSICA
Paginas 1100 p.
650 ## - Descriptores Tematicos
Término de materia o nombre geográfico como elemento inicial PSIQUIATRIA
650 ## - Descriptores Tematicos
Término de materia o nombre geográfico como elemento inicial PSICOLOGIA
700 ## - Coautores y traductores
Nombre de persona Paul Bernard
700 ## - Coautores y traductores
Nombre de persona Charles Brisset
942 ## - ELEMENTOS DE PUNTO DE ACCESO ADICIONAL (KOHA)
Fuente del sistema de clasificación o colocación Dewey Decimal Classification
Tipo de ítem Koha BDGR
Holdings
Estado de retiro Estado de pérdida Fuente del sistema de clasificación o colocación Estado dañado No para préstamo Localización permanente Ubicación/localización actual Fecha de adquisición Número de inventario Total de préstamos Signatura topográfica completa Código de barras Fecha visto por última vez Fecha del último préstamo Precio válido a partir de Tipo de ítem Koha
    Dewey Decimal Classification     Biblioteca Ernesto Sabato - FADECS - UNCOMA Biblioteca Ernesto Sabato - FADECS - UNCOMA 18/03/2026 27184 1 616.89 H493 27184 05/05/2026 07/04/2026 18/03/2026 BDGR
Facultad de Derecho y Ciencias Sociales | Universidad Nacional del Comahue | Mendoza y Perú General Roca | Río Negro CP (8332) | Patagonia Argentina | Teléfono: 54-0298-4433670 | | Fax: 0298-4432093 | Fax alumnos: 0298-4435700